Black Friday Lyrics - Tom Odell - Statistics

General Stats
  • This quiz has been taken 52 times
  • The average score is 146 of 193
Answer Stats
Answer % Correct
I
97%
Black
94%
black
94%
Friday
94%
a
91%
the
91%
you
91%
You
91%
be
88%
do
88%
it
88%
it's
88%
It's
88%
wanna
88%
like
84%
me
84%
pretty
84%
so
84%
your
84%
could
81%
done
81%
fun
81%
have
81%
how
81%
in
81%
look
81%
my
81%
on
81%
show
81%
sun
81%
what
81%
What
81%
all
78%
and
78%
Every
78%
go
78%
head
78%
everyone
75%
I'm
75%
mind
75%
shine
75%
to
75%
watch
75%
while
75%
you're
75%
forever
72%
kind
72%
taxi
72%
happy
69%
party
69%
where
69%
hand
66%
is
66%
of
66%
selfish
66%
who
66%
end
63%
hold
63%
week
63%
we're
63%
friends
59%
skin
59%
take
59%
trust
59%
us
59%
wind
59%
baby
56%
better
56%
body
56%
can't
56%
happening
56%
other
56%
mirror
53%
perfect
53%
time
53%
touch
53%
want
53%
breathe
50%
feel
50%
gently
50%
light
50%
middle
50%
seat
50%
adrenaline
47%
cheek
47%
see
47%
against
44%
up
44%
darkness
41%
happened
38%
has
31%
loved
31%
that
31%
thought
28%
No matching quizzes found
Score Distribution
Percent of People with Each Score
Percentile by Number Answered
Your Score History
You have not taken this quiz